Eastern Utah Libraries Catalog: Duchesne, Heber, Roosevelt, & Vernal

The Big Adventures of Babymouse : (Record no. 414788)

MARC details
000 -LEADER
fixed length control field 02480nam a2200565 i 4500
001 - CONTROL NUMBER
control field sky309050791
003 - CONTROL NUMBER IDENTIFIER
control field SKY
005 - DATE AND TIME OF LATEST TRANSACTION
control field 20251231181413.0
008 - FIXED-LENGTH DATA ELEMENTS--GENERAL INFORMATION
fixed length control field 230920s2023 nyua c 6 000 1 eng d
010 ## - LIBRARY OF CONGRESS CONTROL NUMBER
LC control number bl2023112197
020 ## - INTERNATIONAL STANDARD BOOK NUMBER
International Standard Book Number 9780593430941
Qualifying information (hardcover)
020 ## - INTERNATIONAL STANDARD BOOK NUMBER
International Standard Book Number 0593430948
Qualifying information (hardcover)
020 ## - INTERNATIONAL STANDARD BOOK NUMBER
International Standard Book Number 9780593430972
Qualifying information (paperback)
020 ## - INTERNATIONAL STANDARD BOOK NUMBER
International Standard Book Number 0593430972
Qualifying information (paperback)
040 ## - CATALOGING SOURCE
Original cataloging agency NjBwBT
Language of cataloging eng
Transcribing agency NjBwBT
Description conventions rda
Modifying agency SKYRV
-- CoBro
092 ## - LOCALLY ASSIGNED DEWEY CALL NUMBER (OCLC)
Classification number junior graphic
Item number Holm
100 1# - MAIN ENTRY--PERSONAL NAME
Personal name Holm, Jennifer L.,
Relator term author.
9 (RLIN) 47672
245 14 - TITLE STATEMENT
Title The Big Adventures of Babymouse :
Remainder of title Besties! /
Statement of responsibility, etc Jennifer L. Holm & Matthew Holm ; color by Joey Weiser.
246 3# - VARYING FORM OF TITLE
Title proper/short title Big adventures of Babymouse.
Number of part/section of a work 2.
250 ## - EDITION STATEMENT
Edition statement First edition.
264 #1 - Production, Publication, Distribution, Manufacture, and Copyright Notice.
Place of production, publication, distribution, manufacture New York :
Name of producer, publisher, distributor, manufacturer Random House,
Date of production, publication, distribution, manufacture, or copyr [2023]
264 #4 - Production, Publication, Distribution, Manufacture, and Copyright Notice.
Place of production, publication, distribution, manufacture ©2023.
300 ## - PHYSICAL DESCRIPTION
Extent 213 pages :
Other physical details color illustrations ;
Dimensions 25 cm.
336 ## - Content Type
Content type term text
336 ## - Content Type
Content type term still image
337 ## - Media type
Media type term unmediated
338 ## - Carrier type
Carrier type term volume
490 1# - SERIES STATEMENT
Series statement The big adventures of Babymouse ;
Volume number/sequential designation 2.
500 ## - GENERAL NOTE
General note Volume number from spine.
500 ## - GENERAL NOTE
General note Sequel to: Once upon a messy whisker.
500 ## - GENERAL NOTE
General note Chiefly illustrations.
520 ## - SUMMARY, ETC.
Summary, etc "Babymouse has the BEST imagination. She makes the BEST cupcakes. And her BEST friend is Wilson. Then why is Wilson hanging out with the new kid in school so much? And why is the new kid so GOOD at everything?! Well, Babymouse is just going to have to be even BETTER than this new kid. No, she's going to have to be the BEST!"--
650 #0 - SUBJECT ADDED ENTRY--TOPICAL TERM
Topical term or geographic name as entry element Mice
Form subdivision Comic books, strips, etc.
9 (RLIN) 5686643
650 #0 - SUBJECT ADDED ENTRY--TOPICAL TERM
Topical term or geographic name as entry element Mice
Form subdivision Juvenile fiction.
9 (RLIN) 5676295
650 #0 - SUBJECT ADDED ENTRY--TOPICAL TERM
Topical term or geographic name as entry element Animals
Form subdivision Comic books, strips, etc.
9 (RLIN) 5690068
650 #0 - SUBJECT ADDED ENTRY--TOPICAL TERM
Topical term or geographic name as entry element Animals
Form subdivision Juvenile fiction.
9 (RLIN) 5678723
650 #0 - SUBJECT ADDED ENTRY--TOPICAL TERM
Topical term or geographic name as entry element Imagination
Form subdivision Comic books, strips, etc.
9 (RLIN) 6357863
650 #0 - SUBJECT ADDED ENTRY--TOPICAL TERM
Topical term or geographic name as entry element Imagination
Form subdivision Juvenile fiction.
9 (RLIN) 5676283
650 #0 - SUBJECT ADDED ENTRY--TOPICAL TERM
Topical term or geographic name as entry element Best friends
Form subdivision Comic books, strips, etc.
9 (RLIN) 5675560
650 #0 - SUBJECT ADDED ENTRY--TOPICAL TERM
Topical term or geographic name as entry element Best friends
Form subdivision Juvenile fiction.
9 (RLIN) 5673646
650 #0 - SUBJECT ADDED ENTRY--TOPICAL TERM
Topical term or geographic name as entry element Friendship
Form subdivision Comic books, strips, etc.
9 (RLIN) 5688309
650 #0 - SUBJECT ADDED ENTRY--TOPICAL TERM
Topical term or geographic name as entry element Friendship
Form subdivision Juvenile fiction.
9 (RLIN) 5673647
655 #7 - INDEX TERM--GENRE/FORM
Genre/form data or focus term Graphic novels.
Source of term lcgft.
655 #7 - INDEX TERM--GENRE/FORM
Genre/form data or focus term Funny animal comics.
Source of term lcgft.
9 (RLIN) 6020097
655 #7 - INDEX TERM--GENRE/FORM
Genre/form data or focus term Humorous comics.
Source of term lcgft.
9 (RLIN) 5716565
700 1# - ADDED ENTRY--PERSONAL NAME
Personal name Holm, Matthew,
Relator term author,
-- artist.
9 (RLIN) 71
700 1# - ADDED ENTRY--PERSONAL NAME
Personal name Weiser, Joey,
Relator term colorist.
9 (RLIN) 6558457
800 1# - SERIES ADDED ENTRY--PERSONAL NAME
Personal name Holm, Jennifer L.
Title of a work Big adventures of Babymouse ;
Volume/sequential designation 2.
9 (RLIN) 6558458
942 ## - ADDED ENTRY ELEMENTS (KOHA)
Source of classification or shelving scheme Dewey Decimal Classification
Koha item type BOOK
Holdings
Withdrawn status Lost status Source of classification or shelving scheme Damaged status Not for loan Collection code Home library Current library Shelving location Date acquired Source of acquisition Total Checkouts Total Renewals Full call number Barcode Date last seen Date checked out Cost, replacement price Price effective from Koha item type
    Dewey Decimal Classification     Junior Graphic Novels Wasatch County Library Wasatch County Library First Floor 12/31/2025 Libraria 2 1 J GN Holm 34301002176081 03/04/2026 02/13/2026 26.95 12/31/2025 BOOK
This project was made possible through a grant from the Institute of Museum and Library Service administered by the Utah State Library Division.

Wasatch County Library

  • 465 East 1200 South, Heber City, Utah 84032
  • Phone 435-654-1511 | Fax 435-654-6456

Hours

  • Monday - Friday 9:30 AM - 8:00 PM
  • Saturday 9:30 AM - 1:30 PM
  • Closed Sundays and Holidays